| 000 | 00683cam a2200229 a 4500 | ||
|---|---|---|---|
| 001 | 1451364 | ||
| 003 | ASAB | ||
| 005 | 20180827062620.0 | ||
| 008 | 850807s1984 it a b i000 0 eng | ||
| 010 | _a 85189774 | ||
| 020 | _a925101504X (pbk.) | ||
| 040 |
_aDLC _cASAB _dDLC |
||
| 050 | 0 | 0 |
_aS544 _b.A58 1984 |
| 082 | 0 | 0 |
_a630/.7/15 _219 |
| 100 |
_aR. Saravanan _91574 |
||
| 245 | 0 | 0 | _aICTs for Agricultural extension Global Experiments, Innovations and Experiences |
| 260 | _a: | ||
| 300 |
_axi, 557 p. : _bill. ; _c30 cm. |
||
| 650 | 0 |
_aAgricultural extension work _xHandbooks, manuals, etc. _91575 |
|
| 906 |
_a7 _bcbc _corignew _d3 _encip _f19 _gy-gencatlg |
||
| 942 |
_2ddc _cBK |
||
| 999 |
_c480019 _d480019 |
||